000 00494nam a2200133 a 4500
008 120416s1965 ||||||||||||||||| || u
050 _aHG 3881 Wea
100 _aWeaver, James H
245 1 4 _aThe International Development Association
246 _aa new approach to foreign aid
260 _aNew York
_bPraeger
_c1965
350 _a0.00
995 _D0.00
_FCBU-MAIN LIBRARY (Kitwe)
_H1
_I6.50
_M1
_UAVAILABLE
_ZAnnex Low-Usage Collection
999 _c47332
_d47332